LEADER 00938nam a2200229 i 4500 001 000000240964 003 CaOOAMICUS 005 20150417000000.0 008 150417s1960 it u000 u ita u 013 $a219869 040 $aSeMil$bita 100 1 $aHellpach, Willy.$0(OLS)http://semarc/name/34449 240 10$aMensch und Volk der Grosstadt.$0(OLS)http://semarc/title/342577 245 12$aL'uomo della metropoli /$cWilly Hellpach. 260 $aMilano :$bEdizioni di Comunità,$ccopyr. 1960. 300 $a218 p. ;$c23 cm. 490 0 $aStudi e ricerche di scienze sociali ;$v2 830 0$aStudi e ricerche di scienze sociali ;$v2.$0(OLS)http://semarc/title/32918 850 $aSeMil 852 $aSeMil$W1$xVenegono$y1$m3N III 228$j191310$B191310$CSeMilBibl$Z2$F202126 $81 996 $6245$aL'uomo della metropoli$9(OLS)http://semarc/title/342576 996 $6260$aMilano :$bEdizioni di Comunità$9(OLS)http://semarc/publisher/31458 LEADER 01082nam a2200253 i 4500 001 000000026858 003 CaOOAMICUS 005 20250530145552.0 008 180830s1943 it u000 u ita u 040 $aSeMil$bita 100 1 $aMommsen, Theodor,$d<1817-1903>.$0(OLS)http://semarc/name/3260 240 10$aRomische geschichte :$bdie provinzen von Caesar bis Diocletian.$0(OLS)http://semarc/title/454051 245 10$aStoria di Roma antica /$cTeodoro Mommsen ; traduzione di Luigi Di San Giusto ; edizione curata da Cesare Violini. 260 $aTorino :$bSocietà Subalpina,$c1943. 300 $a3 v. ;$c29 cm. 650 4$aRoma antica - Storia.$0(OLS)http://semarc/subject/503 700 1 $aViolini, Cesare.$0(OLS)http://semarc/name/12174 700 1 $aDi San Giusto, Luigi.$0(OLS)http://semarc/name/12173 774 0 $t1.$w()213632 774 0 $t2.$w()213635 774 0 $t3.$w()213637 996 $6245$aStoria di Roma antica$9(OLS)http://semarc/title/36290 996 $6260$aTorino :$bSocietà Subalpina$9(OLS)http://semarc/publisher/36994